MM (Modern Machinery) Science Journal

Gespeichert in:
Bibliographische Detailangaben
Format: Schriftenreihe
Sprache:Englisch
Veröffentlicht: Prague MM Publishing
Tags: Tag hinzufügen
Keine Tags, Fügen Sie das erste Tag hinzu!

MARC

LEADER 00000nas1a2200000 4500
001 0249902
005 20250704114224.5
022 |a 1805-0476 
022 |a 1803-1269 
041 0 |a eng 
044 |a CZ 
245 1 0 |a MM (Modern Machinery)  |b Science Journal 
264 1 |a Prague  |b MM Publishing